Countries With The Least Used Letters - Statistics

General Stats
  • This quiz has been taken 20 times
  • The average score is 20 of 41
Answer Stats
Frequency Country % Correct
1 Zambia
93%
2 Zimbabwe
93%
1 Qatar
87%
2 Azerbaijan
73%
1 Kyrgyzstan
73%
1 Luxembourg
73%
1 Mexico
73%
1 Jamaica
67%
1 Japan
67%
1 Jordan
67%
1 Kazakhstan
67%
2 Venezuela
67%
1 Brazil
60%
2 Switzerland
60%
1 Tajikistan
60%
1 Vanuatu
60%
1 Equatorial Guinea
53%
2 Mozambique
53%
1 New Zealand
53%
1 Tanzania
53%
1 Uzbekistan
53%
1 Bolivia
47%
1 Iraq
47%
1 Latvia
47%
1 Djibouti
40%
1 Vietnam
40%
1 Belize
33%
2 Bosnia and Herzegovina
33%
1 Czech Republic
33%
1 Eswatini
33%
1 Ivory Coast
33%
1 Slovakia
33%
1 Slovenia
33%
1 El Salvador
27%
1 Fiji
27%
1 Tuvalu
27%
1 Moldova
20%
1 Saint Kitts and Nevis
20%
1 Saint Vincent and the Grenadines
20%
1 Cape Verde
13%
1 Maldives
13%
No matching quizzes found
Score Distribution
Percent of People with Each Score
Percentile by Number Answered
Your Score History
You have not taken this quiz